Science Quiz

Random Science or Biology Quiz

Close-Up Animal Faces II Quiz Stats

 Plays Quiz Updated Oct 11, 2019

Score 0/28 Timer 06:00
17 Plays Today
Hint Answer % Correct
Wolf
99%
Brown Bear
98.2%
Bald Eagle
97.2%
Giraffe
96.9%
Rabbit
96.7%
Hippopotamus
96.6%
Cat
94.1%
Camel
93.9%
Cow
93.2%
Koala
91.5%
Cheetah
90.4%
Sloth
90.2%
Squirrel
88.7%
Goose
88.2%
Hint Answer % Correct
Goldfish
86.8%
Raccoon
86.5%
Walrus
85%
Bat
82.5%
Praying Mantis
81.1%
Ant
79%
Orangutan
78.3%
Gecko
68.6%
Owl Faced Monkey
67.4%
Badger
62.3%
Meerkat
43.5%
Groundhog
42.2%
Octopus
30.9%
Tarsier
12%

You're not logged in!

Compare scores with friends on all Sporcle quizzes.
OR
Log In

Sporcle TV

Today on Sporcle TV


Watch our educational content, quiz creation guides, and fun videos on Sporcle TV.

Show Comments

Extras

Top Quizzes Today


Score Distribution

Your Account Isn't Verified!

In order to create a playlist on Sporcle, you need to verify the email address you used during registration. Go to your Sporcle Settings to finish the process.

Report this User

Report this user for behavior that violates our Community Guidelines.

Details: